| 000 | 006100000a22002170004500 | ||
|---|---|---|---|
| 003 | LK-CoMWRAF | ||
| 005 | 20231106113007.0 | ||
| 008 | 230817t1999 ||||| |||| 00| 0 eng d | ||
| 020 | _a0285650998 | ||
| 040 |
_aLK-CoMWRAF _dLK-CoMWRAF _eLK-CoMWRAF |
||
| 041 | _aeng | ||
| 082 |
_a158.3 _bMAY |
||
| 100 | _aMay, Rollo | ||
| 245 |
_aThe art of counselling: _ba true classic in the literature of the helping professions |
||
| 250 | _aRevised ed. | ||
| 260 |
_aLondon: _bSouvenir press,, _c1999 |
||
| 300 |
_a191 p. ; 20 cm _bIndex included |
||
| 490 | _aHuman horizons | ||
| 650 | _aCOUNSELLING | ||
| 942 | _cBK | ||
| 999 |
_c363 _d363 |
||